TOP 10 des pays qui comptent le plus de millionaires - Statistiques

Statistiques générales
  • Ce quiz a été pris 130 fois
  • Le résultat moyen est 8 sur 10
Statistiques - réponses
NOMBRE DE MILLIONAIRES PAYS % Correct
2,8 millions France
97%
6,2 millions Chine
96%
24,5 millions États‑Unis
96%
3,4 millions Japon
88%
2,7 millions Allemagne
87%
2,3 millions Canada
83%
2,8 millions Royaume‑Uni
81%
1,4 million Italie
79%
2,2 millions Australie
63%
1,3 million Corée du sud
59%
Aucun quiz correspondant
Distribution des résultats
% des personnes avec chaque résultat
Percentile par nombre de réponses
Votre historique - résultats
Vous n’avez pas pris ce quiz